1960s Songs - Sudden Death - Statistics

General Stats
  • This quiz has been taken 1,255 times
  • The average score is 4 of 15
Answers on the Grid
Answers color-coded by a green-red scale on the quiz's grid according to % correct below.
(I Can't Get No) Satisfaction - The Rolling Stones
Ain't No Mountain High Enough - Marvin Gaye / Tammi Terrell
All I Have to Do Is Dream - The Everly Brothers
American Pie - Don McLean
Ashes to Ashes - David Bowie
Bohemian Rhapsody - Queen
California Dreamin' - The Mamas And The Papas
Can't Help Falling in Love - Elvis Presley
Delilah - Tom Jones
Go Your Own Way - Fleetwood Mac
Hey Jude - The Beatles
Hound Dog - Elvis Presley
I Can See Clearly Now - Johnny Nash
I Saw Her Standing There - The Beatles
I Shot the Sheriff - Bob Marley and the Wailers
In the Ghetto - Elvis Presley
Jailhouse Rock - Elvis Presley
Jive Talkin' - Bee Gees
Joy to the World - Three Dog Night
Kung Fu Fighting - Carl Douglas
Let's Get It On - Marvin Gaye
Lollipop - The Chordettes
Me and Mrs. Jones - Billy Paul
Merry Xmas Everybody - Slade
Mr. Sandman - The Chordettes
My Sweet Lord - George Harrison
My Way - Frank Sinatra
Peggy Sue - Buddy Holly
Put Your Head on My Shoulder - Paul Anka
Release Me - Engelbert Humperdinck
Ring of Fire - Johnny Cash
Rocket Man - Elton John
Rockin' Robin - Bobby Day
Seasons in the Sun - Terry Jacks
She's a Lady - Tom Jones
Stand by Me - Ben E. King
Surfin' Safari - The Beach Boys
Sweet Caroline - Neil Diamond
Take Me Home, Country Roads - John Denver
The Girl from Ipanema - Stan Getz / Astrud Gilberto / João Gilberto
Turtle Power! - Partners in Kryme
Upside Down - Diana Ross
Waterloo - ABBA
Witch Doctor - David Seville
Xanadu - Olivia Newton-John / Electric Light Orchestra
 
Answer Stats
Answer % Correct
(I Can't Get No) Satisfaction - The Rolling Stones
76%
Ain't No Mountain High Enough - Marvin Gaye / Tammi Terrell
49%
California Dreamin' - The Mamas And The Papas
44%
Hey Jude - The Beatles
42%
I Saw Her Standing There - The Beatles
27%
Can't Help Falling in Love - Elvis Presley
24%
Delilah - Tom Jones
17%
Surfin' Safari - The Beach Boys
14%
In the Ghetto - Elvis Presley
10%
My Way - Frank Sinatra
10%
Stand by Me - Ben E. King
10%
Sweet Caroline - Neil Diamond
8%
Ring of Fire - Johnny Cash
7%
The Girl from Ipanema - Stan Getz / Astrud Gilberto / João Gilberto
7%
Release Me - Engelbert Humperdinck
5%
No matching quizzes found
Score Distribution
Percent of People with Each Score
Percentile by Number Answered
Your Score History
You have not taken this quiz